000 00884nam a2200265 a 4500
008
020 _a0521433460 (pbk.)
049 _aMAIN
090 _aQH541.2
245 0 0 _aEcology in education /
_cedited by Monica Hale.
260 _aCambridge :
_bCambridge University Press ,
_c1993.
300 _axvi, 191 p. :
_bill., maps ;
_c24 cm.
504 _aIncludes bibliographical references.
500 _aIncludes index.
650 0 _aEcology
_xStudy and teaching
_xCongresses.
650 0 _aEnvironmental education
_xCongresses.
653 0 _aEducational institutions
_aCurriculum
_aEcology.
653 0 _aEducational institutions
_aCurriculum
_aEnvironmental studies.
700 1 _aHale, Monica.
907 _a.b10119401
_b13-01-06
_c26-04-04
003
005 20230123133834.0
040 _cNUST
942 _cBOOKS
_kQH541.2
999 _c155512
_d155512